Dzień w historii – marzec - Statystyki

Ogólne statystyki
  • Ten quiz został rozwiązany 757 razy
  • Średni wynik to 17 z 31
Statystyki odpowiedzi
Data Rok Wskazówka Odpowiedź % Poprawnych
2 Mar 1946 Ho Chi Minh zostaje prezydentem tego państwa Wietnam Północny
85%
19 Mar 1882 Początek budowy katedry Sagrada Familia w tym mieście (dziś nadal jest budowana) Barcelona
83%
13 Mar 2013 Początek pontyfikatu tego papieża Franciszek
83%
20 Mar 2003 Rozpoczyna się II wojna w Zatoce Perskiej między tym krajem, a USA i jego sojusznikami Irak
81%
12 Mar 1938 Kraj ten zostaje zajęty przez Niemcy w ramach Anschlussu Austria
80%
11 Mar 2011 Trzęsienie ziemi o magnitudzie 9 stopni pustoszy ten kraj Japonia
80%
15 Mar 44 p.n.e. Ten przywódca zostaje zamordowany podczas posiedzenia rzymskiego senatu Gajusz Juliusz Cezar
78%
22 Mar 1925 Wielka Krokiew zostaje otwarta w tym mieście Zakopane
77%
1 Mar 1998 Ten film jako pierwszy zarabia miliard dolarów brutto na całym świecie Titanic
73%
3 Mar 1861 W tym państwie zniesiona zostaje pańszczyzna Rosja
72%
17 Mar 2005 W Madrycie został usunięty ostatni pomnik tego byłego dyktatora Francisco Franco
68%
6 Mar 1869 Dmitrij Mendelejew prezentuje tę tablicę, nazywaną także tablicą Mendelejewa Układ okresowy
65%
31 Mar 1889 Ta wieża zbudowana na wystawę światową w 1889 roku zostaje oficjalnie otwarta Wieża {Eiffla}
62%
21 Mar 1963 To kalifornijskie więzienie, znane też po angielsku jako "The Rock", zostaje zamknięte po 29 latach Alcatraz
61%
23 Mar 1919 Ruch faszystowski zostaje założony przez tego dziennikarza Benito Mussolini
60%
7 Mar 1912 Roald Amundsen podaje do publicznej wiadomości swoje dotarcie do tego miejsca po prawie 3 miesiącach od faktu Biegun południowy
60%
27 Mar 1928 Odbyły się pierwsze obrady Sejmu RP w warszawskim budynku mieszczącym się przy tej ulicy Wiejska
60%
10 Mar 1969 James Earl Ray zostaje uznany za winnego zabójstwa tego pastora Martin Luther King Jr.
59%
8 Mar 1958 Nikołaj Bułganin ustąpił ze stanowiska premiera ZSRR, a nowym został ten człowiek Nikita Chruszczow
58%
18 Mar 1992 Referendum w sprawie zniesienia tego systemu w RPA staje się wiążące Apartheid
55%
25 Mar 1933 Sejm RP uchwala ustawę o tym orderze wojskowym Virtuti Militari
45%
4 Mar 1980 Robert Mugabe rozpoczyna swoją dyktatorską karierę w tym afrykańskim kraju Zimbabwe
42%
29 Mar 1809 Szwecja została zmuszona do oddania tego terytorium w ręce Rosji Finlandia
35%
28 Mar 1854 Francja i Wielka Brytania wypowiadają wojnę Rosji, zaostrzając ten konflikt zbrojny Wojna {krymska}
34%
30 Mar 1959 Ten duchowy przywódca ucieka do Indii szukając azylu Tenzin Gjaco
32%
16 Mar 597 p.n.e. Jerozolima zostaje podbita przez to imperium Babilonia
30%
24 Mar 1919 Wygnana austriacka rodzina monarsza udaje się do tego kraju Szwajcaria
27%
9 Mar 141 p.n.e. Cesarz Wu z tej dynastii obejmuje chiński tron na następne 54 lata Han
23%
5 Mar 1979 Ta amerykańska sonda, której celem było zbadanie Jowisza i Saturna, minęłą pierwszą z wymienionych planet Voyager 1
20%
14 Mar 1440 Powołana zostaje ta konfederacja szlachty i miast przeciwko Zakonowi Krzyżackiemu Związek {Pruski}
20%
26 Mar 1885 Prusacy rozpoczęli tę akcję deportacyjną Polaków i Żydów do Austrii i Rosji Rugi pruskie
19%
Nie znaleziono quizów pasujących do podanych kryteriów
Rozkład punktacji
Procent ludzi z każdym wynikiem
Percentyl według liczby udzielonych odpowiedzi
Twoja historia wyników
Nie rozwiązałeś tego quizu